The transition to property management (Record no. 100140)

MARC details
000 -LEADER
fixed length control field 00982cam a2200229 4500
008 - FIXED-LENGTH DATA ELEMENTS--GENERAL INFORMATION
fixed length control field 000000n2000 000 0 eng u
020 ## - INTERNATIONAL STANDARD BOOK NUMBER
International Standard Book Number 1902375432
035 ## - SYSTEM CONTROL NUMBER
System control number (Sirsi) u103522
050 ## - LIBRARY OF CONGRESS CALL NUMBER
Classification number 658.2
100 ## - MAIN ENTRY--PERSONAL NAME
Personal name Deakin, Mark
245 #4 - TITLE STATEMENT
Title The transition to property management
260 ## - PUBLICATION, DISTRIBUTION, ETC.
Place of publication, distribution, etc. Witney
Name of publisher, distributor, etc. Chandos Publishing
Date of publication, distribution, etc. 2000
300 ## - PHYSICAL DESCRIPTION
Extent ix,84p. ; 30cm.
350 ## - PRICE (NR) (BK AM CF MU VM SE) [OBSOLETE]
Price 59.95
520 ## - SUMMARY, ETC.
Summary, etc. Examines the transition to property management. It outlines the underlying issues, considers the process of corporatisation and examines the financial instruments put in place for the strategic management of property. The development of computer-based information systems for the management of property is also looked at. The book was reprinted by Estates Gazette in 2002 (ISBN 072820388X).
650 ## - SUBJECT ADDED ENTRY--TOPICAL TERM
Topical term or geographic name entry element CORPORATE PROPERTY
650 ## - SUBJECT ADDED ENTRY--TOPICAL TERM
Topical term or geographic name entry element VALUE FOR MONEY
650 ## - SUBJECT ADDED ENTRY--TOPICAL TERM
Topical term or geographic name entry element CORPORATE REAL ESTATE
650 ## - SUBJECT ADDED ENTRY--TOPICAL TERM
Topical term or geographic name entry element ASSET MANAGEMENT
690 ## - LOCAL SUBJECT ADDED ENTRY--TOPICAL TERM (OCLC, RLIN)
Topical term or geographic name as entry element PROPERTY MANAGEMENT
9 (RLIN) 6262
942 ## - ADDED ENTRY ELEMENTS (KOHA)
Suppress in OPAC 0
Holdings
Withdrawn status Lost status Source of classification or shelving scheme Damaged status Not for loan Home library Current library Shelving location Date acquired Cost, normal purchase price Total Checkouts Full call number Barcode Date last seen Date last checked out Copy number Cost, replacement price Price effective from Koha item type
    Dewey Decimal Classification     London London Books 04/12/2006 25.00 7 658.2 DEA 30073475 06/08/2019 29/04/2009 1 25.00 06/08/2019 Book